<?xml version="1.0" encoding="UTF-8"?>
<collection xmlns="http://www.loc.gov/MARC21/slim">
 <record>
  <leader>02159nam a2200217Ia 4500</leader>
  <controlfield tag="001">CTU_120992</controlfield>
  <controlfield tag="008">210402s9999    xx            000 0 und d</controlfield>
  <datafield tag="020" ind1=" " ind2=" ">
   <subfield code="c">76000</subfield>
  </datafield>
  <datafield tag="082" ind1=" " ind2=" ">
   <subfield code="a">343.5970721</subfield>
  </datafield>
  <datafield tag="082" ind1=" " ind2=" ">
   <subfield code="b">V312</subfield>
  </datafield>
  <datafield tag="100" ind1=" " ind2=" ">
   <subfield code="a">Lê, Danh Vĩnh</subfield>
  </datafield>
  <datafield tag="245" ind1=" " ind2="0">
   <subfield code="a">Pháp luật cạnh tranh tại Việt Nam :</subfield>
  </datafield>
  <datafield tag="245" ind1=" " ind2="0">
   <subfield code="b">Sách tham khảo</subfield>
  </datafield>
  <datafield tag="245" ind1=" " ind2="0">
   <subfield code="c">Lê Danh Vĩnh, Hoàng Xuân Bắc, Nguyễn Ngọc Sơn</subfield>
  </datafield>
  <datafield tag="260" ind1=" " ind2=" ">
   <subfield code="a">Hà Nội</subfield>
  </datafield>
  <datafield tag="260" ind1=" " ind2=" ">
   <subfield code="b">Tư pháp</subfield>
  </datafield>
  <datafield tag="260" ind1=" " ind2=" ">
   <subfield code="c">2006</subfield>
  </datafield>
  <datafield tag="520" ind1=" " ind2=" ">
   <subfield code="a">Việc gia nhập các tổ chức kinh tế quốc tế sẽ không thể cho phép thị trường các nước thành viên thiếu các thiết chế cần thiết để duy trì trật tự kinh doanh. Vì thế, một trong những yêu cầu cần phải được đáp ứng để Việt Nam gia nhập vào WTO là phải có được các khung pháp lý cơ bản của thị trường, trong đó pháp luật cạnh tranh là một bộ phận khá quan trọng. Ngày  03 tháng 12 năm 2004, Quốc hội nước Cộng hoà xã hội chủ nghĩa Việt Nam thông qua luật cạnh tranh và Đạo luật này có hiệu lực từ ngày 01 tháng 06 năm 2005. Với tư cách là công cụ pháp lý được sử dụng để loại bỏ các biểu hiện không lành mạnh trên thị trường quốc gia. Luật cạnh tranh có ý nghĩa quan trọng trong việc bảo vệ lành mạnh và khả năng phát triển tự thân của nền kinh tế nội địa, bảo vệ quyền tự do kinh doanh, khơi thông dòng chảy của cạnh tranh trên thị trường và thúc đẩy tiến trình toàn cầu hoá diễn ra nhanh chóng, hiệu quả trên tinh thần phát triển lợi thế so sánh của từng thành viên.</subfield>
  </datafield>
  <datafield tag="650" ind1=" " ind2=" ">
   <subfield code="a">Competition law,Economic policy,Economic policy management</subfield>
  </datafield>
  <datafield tag="904" ind1=" " ind2=" ">
   <subfield code="i">Hiếu</subfield>
  </datafield>
  <datafield tag="980" ind1=" " ind2=" ">
   <subfield code="a">Trung tâm Học liệu Trường Đại học Cần Thơ</subfield>
  </datafield>
 </record>
</collection>
